000 00618nam a2200217Ia 4500
005 20250326144321.0
008 250326s9999 xx 000 0 und d
020 _a978-0-87389-705-1
037 _aTextbook
040 _aFMSL
_beng
_cFMSL
041 _aeng
_2eng
084 _aX:8:(G:55) P7
_qFMSL
100 _aKausek Joe
_9749466
245 0 _aEnvironment management quick and easy
_cKausek Joe
260 _aWisconsin
_bWisconsin, ASQ Quality
_c2007
300 _axviii,278
365 _b3980.0250000000001
650 _aManagement
942 _cTB
_hX:8:(G:55) P7
999 _c1303279
_d1303279